Top 10 Most Expensive Transfers by Position - Statistics

General Stats
  • This quiz has been taken 178 times
  • The average score is 35 of 40
Answer Stats
Season From To Fee Answer % Correct
Midfielders 2020/21 FC Barcelona Juventus €80.6m Arthur Melo
100%
Forwards 2018/19 AS Monaco Paris Saint-Germain €180m Kylian Mbappé
99%
Forwards 2017/18 FC Barcelona Paris Saint-Germain €222m Neymar
99%
Forwards 2018/19 Real Madrid Juventus €117m Cristiano Ronaldo
97%
Forwards 2019/20 Chelsea Real Madrid €120.8m Eden Hazard
96%
Forwards 2013/14 Tottenham Hotspur Real Madrid €101m Gareth Bale
96%
Forwards 2019/20 Benfica Atlético Madrid €127.2m João Félix
96%
Midfielders 2023/24 Borussia Dortmund Real Madrid €103m Jude Bellingham
95%
Forwards 2019/20 Atlético Madrid FC Barcelona €120m Antoine Griezmann
94%
Forwards 2021/22 Aston Villa Manchester City €117.5m Jack Grealish
94%
Forwards 2017/18 Borussia Dortmund FC Barcelona €135m Ousmane Dembélé
93%
Midfielders 2023/24 West Ham Arsenal €116.6m Declan Rice
92%
Midfielders 2019/20 Ajax FC Barcelona €86m Frenkie de Jong
92%
Midfielders 2017/18 Liverpool FC Barcelona €135m Philippe Coutinho
92%
Forwards 2021/22 Inter Milan Chelsea €113m Romelu Lukaku
92%
Midfielders 2022/23 Benfica Chelsea €121m Enzo Fernández
91%
Defenders 2019/20 Leiceter City Manchester United €87m Harry Maguire
91%
Midfielders 2016/17 Juventus Manchester United €105m Paul Pogba
91%
Goalkeeper 2018/19 AS Roma Liverpool €62.5m Alisson
90%
Goalkeeper 2023/24 Inter Milan Manchester United €50.2m André Onana
90%
Goalkeeper 2017/18 Benfica Manchester City €40m Ederson
90%
Defenders 2023/24 RB Leipzig Manchester City €90m Joško Gvardiol
90%
Midfielders 2023/24 Brighton Chelsea €116m Moisés Caicedo
89%
Defenders 2019/20 Ajax Juventus €85.5m Matthijs de Ligt
88%
Defenders 2022/23 Juventus Bayern Munich €67m Matthijs de Ligt
88%
Goalkeeper 2018/19 Chelsea Real Madrid €35m Thibaut Courtois
88%
Defenders 2017/18 Southampton Liverpool €84.65m Virgil van Dijk
88%
Midfielders 2022/23 AS Monaco Real Madrid €80m Aurélien Tchouaméni
87%
Goalkeeper 2001/02 Parma Juventus €52.88m Gianluigi Buffon
87%
Goalkeeper 2018/19 Athletic Bilbao Chelsea €80m Kepa Arrizabalaga
87%
Midfielders 2020/21 Bayer Leverkusen Chelsea €80m Kai Havertz
86%
Goalkeeper 2011/12 Schalke 04 Bayern Munich €30m Manuel Neuer
86%
Defenders 2020/21 Benfica Manchester City €71.6m Rúben Dias
82%
Goalkeeper 2017/18 Sunderland Everton €28.5m Jordan Pickford
78%
Defenders 2019/20 Atlético Madrid Bayern Munich €80m Lucas Hernández
75%
Defenders 2022/23 Brighton Chelsea €65.3m Marc Cucurella
70%
Goalkeeper 2023/24 Brighton Chelsea €28.7m Robert Sánchez
69%
Defenders 2022/23 Leicester City Chelsea €80.4m Wesley Fofana
69%
Defenders 2021/22 Inter Milan Paris Saint-Germain €68m Achraf Hakimi
65%
Goalkeeper 2019/20 FC Barcelona Valencia €35m Jasper Cillessen
55%
No matching quizzes found
Score Distribution
Percent of People with Each Score
Percentile by Number Answered
Your Score History
You have not taken this quiz